Atomic and Molecular Spectra : Laser (Record no. 11998)

MARC details
000 -LEADER
fixed length control field 00413nam a22001697a 4500
003 - CONTROL NUMBER IDENTIFIER
control field OSt
008 - FIXED-LENGTH DATA ELEMENTS--GENERAL INFORMATION
fixed length control field 230508b |||||||| |||| 00| 0 eng d
020 ## - INTERNATIONAL STANDARD BOOK NUMBER
International Standard Book Number 9789380803302
082 ## - DEWEY DECIMAL CLASSIFICATION NUMBER
Classification number 539.7 KUM
100 ## - MAIN ENTRY--PERSONAL NAME
Personal name KUMAR,Raj
245 ## - TITLE STATEMENT
Title Atomic and Molecular Spectra : Laser
250 ## - EDITION STATEMENT
Edition statement 1st Ed Reprint
260 ## - PUBLICATION, DISTRIBUTION, ETC. (IMPRINT)
Place of publication, distribution, etc New Delhi
Name of publisher, distributor, etc Kedar Nath
Date of publication, distribution, etc 2021
300 ## - PHYSICAL DESCRIPTION
Extent 555
650 ## - SUBJECT ADDED ENTRY--TOPICAL TERM
Topical term or geographic name as entry element Decentralization
942 ## - ADDED ENTRY ELEMENTS (KOHA)
Source of classification or shelving scheme Dewey Decimal Classification
Koha item type Reference Books
Holdings
Withdrawn status Lost status Source of classification or shelving scheme Damaged status Not for loan Collection code Home library Current library Date acquired Source of acquisition Currency Cost, normal purchase price Bill Number Total Checkouts Full call number Acc. no. / Barcode Date last seen Actual Cost, discounted price Bill Date Koha item type Public note
    Dewey Decimal Classification     MBA PIET C-LIBRARY PIET C-LIBRARY 06/04/2023 Shree Krishna Books and Stationers IN RUPEES 490.00 601   539.7 KUM 34912 08/05/2023 440.00 06/04/2023 Reference Books Decentralization

Design & Developed by: PIET Central Library
R70 Miles Stone Pattikalyana Samalkha Panipat 132102
mail ID :- [email protected], Phone No:- 0180-2569700 Ex.216